عرض عادي
عرض مارك
- Electronic digital computers
مدخل مصطلح موضوعي
001 - رقم الضبط
- حقل الضبط: 36620
003 - معرف رقم الضبط
- حقل الضبط: OSt
005 - تاريخ ووقت أخر عملية
- حقل الضبط: 20130819014009.0
008 - عناصر بيانات ثابتة الطول
- حقل تحكم ثابت الطول: 130819|||a|||||| | ||| d
040 ## - مصدر الفهرسة
- هيئة الفهرسة الأصلية: OSt
- وكالة الكتابة: OSt
150 ## - مدخل-- مصطلح تاريخي
- عنصر مدخل المصطلح الموضوعي او الاسم الجغرافي: Electronic digital computers
- تفريع عام: Circuits.
670 ## - بيانات المصدر موجوده
- الاستشهاد بالمصدر: Work cat.: (OSt)30456: Mano, M. Morris, 1927- 36619, Logic and computer design fundamentals /, c2008.
